<?xml version="1.0" encoding="UTF-8"?>
<record
    xmlns:xsi="http://www.w3.org/2001/XMLSchema-instance"
    xsi:schemaLocation="http://www.loc.gov/MARC21/slim http://www.loc.gov/standards/marcxml/schema/MARC21slim.xsd"
    xmlns="http://www.loc.gov/MARC21/slim">

  <leader>01954nam2a22003251  4500</leader>
  <controlfield tag="001">v19\rc\1875004</controlfield>
  <controlfield tag="005">20260406165036.0</controlfield>
  <datafield tag="035" ind1=" " ind2=" ">
    <subfield code="a">(NLR Aleph) 005262526</subfield>
  </datafield>
  <datafield tag="090" ind1=" " ind2=" ">
    <subfield code="a">5916279</subfield>
    <subfield code="c">5916279</subfield>
  </datafield>
  <datafield tag="100" ind1=" " ind2=" ">
    <subfield code="a">20080221d1911    |||y0rusy50      ca</subfield>
  </datafield>
  <datafield tag="101" ind1="0" ind2=" ">
    <subfield code="a">rus</subfield>
  </datafield>
  <datafield tag="102" ind1=" " ind2=" ">
    <subfield code="a">RU</subfield>
  </datafield>
  <datafield tag="105" ind1=" " ind2=" ">
    <subfield code="a">y   z   |||||</subfield>
  </datafield>
  <datafield tag="200" ind1="1" ind2=" ">
    <subfield code="a">&#x424;&#x43E;&#x43D;&#x432;&#x438;&#x437;&#x438;&#x43D;. &#x414;&#x435;&#x440;&#x436;&#x430;&#x432;&#x438;&#x43D;. &#x425;&#x435;&#x440;&#x430;&#x441;&#x43A;&#x43E;&#x432;. &#x411;&#x43E;&#x433;&#x434;&#x430;&#x43D;&#x43E;&#x432;&#x438;&#x447;. &#x425;&#x435;&#x43C;&#x43D;&#x438;&#x446;&#x435;&#x440;. &#x41A;&#x430;&#x43F;&#x43D;&#x438;&#x441;&#x442;</subfield>
    <subfield code="e">&#x41F;&#x43E;&#x43B;&#x43D;&#x44B;&#x439; &#x440;&#x430;&#x437;&#x431;&#x43E;&#x440; &#x43F;&#x440;&#x43E;&#x438;&#x437;&#x432;&#x435;&#x434;&#x435;&#x43D;&#x438;&#x439;...</subfield>
  </datafield>
  <datafield tag="210" ind1=" " ind2=" ">
    <subfield code="d">1911</subfield>
    <subfield code="a">&#x411;. &#x43C;.</subfield>
  </datafield>
  <datafield tag="215" ind1=" " ind2=" ">
    <subfield code="a">100 &#x441;.</subfield>
  </datafield>
  <datafield tag="461" ind1=" " ind2="0">
    <subfield code="1">001v19\rc\1875000</subfield>
    <subfield code="1">2001#$a"&#x42D;&#x43D;&#x446;&#x438;&#x43A;&#x43B;&#x43E;&#x43F;&#x435;&#x434;&#x438;&#x44F; &#x441;&#x43E;&#x447;&#x438;&#x43D;&#x435;&#x43D;&#x438;&#x439;" &#x434;&#x43B;&#x44F; &#x443;&#x447;&#x430;&#x449;&#x438;&#x445; &#x438; &#x443;&#x447;&#x430;&#x449;&#x438;&#x445;&#x441;&#x44F;$f&#x421;&#x43E;&#x441;&#x442;. &#x413;. &#x41A;&#x43E;&#x440;&#x438;&#x43A;. &#x412;&#x44B;&#x43F;. 1-$v&#x412;&#x44B;&#x43F;. 4</subfield>
    <subfield code="9">5916275</subfield>
    <subfield code="a">&#x41A;&#x43E;&#x440;&#x438;&#x43A;, &#x413;. &#x410;. (1876-1916)</subfield>
    <subfield code="c">&#x41E;&#x434;&#x435;&#x441;&#x441;&#x430;</subfield>
    <subfield code="d">1910-1912</subfield>
    <subfield code="f">&#x421;&#x43E;&#x441;&#x442;. &#x413;. &#x41A;&#x43E;&#x440;&#x438;&#x43A;. &#x412;&#x44B;&#x43F;. 1-</subfield>
    <subfield code="n">&#x442;&#x438;&#x43F;. &#x433;&#x430;&#x437;. "&#x41E;&#x434;&#x435;&#x441;. &#x43D;&#x43E;&#x432;&#x43E;&#x441;&#x442;&#x435;&#x439;"</subfield>
    <subfield code="t">"&#x42D;&#x43D;&#x446;&#x438;&#x43A;&#x43B;&#x43E;&#x43F;&#x435;&#x434;&#x438;&#x44F; &#x441;&#x43E;&#x447;&#x438;&#x43D;&#x435;&#x43D;&#x438;&#x439;" &#x434;&#x43B;&#x44F; &#x443;&#x447;&#x430;&#x449;&#x438;&#x445; &#x438; &#x443;&#x447;&#x430;&#x449;&#x438;&#x445;&#x441;&#x44F;</subfield>
    <subfield code="v">&#x412;&#x44B;&#x43F;. 4</subfield>
  </datafield>
  <datafield tag="702" ind1=" " ind2="1">
    <subfield code="4">570</subfield>
    <subfield code="8">rus</subfield>
    <subfield code="7">ca</subfield>
    <subfield code="a">&#x424;&#x43E;&#x43D;&#x432;&#x438;&#x437;&#x438;&#x43D;</subfield>
    <subfield code="b">&#x414;. &#x418;.</subfield>
    <subfield code="f">1745-1792</subfield>
    <subfield code="g">&#x414;&#x435;&#x43D;&#x438;&#x441; &#x418;&#x432;&#x430;&#x43D;&#x43E;&#x432;&#x438;&#x447;</subfield>
    <subfield code="3">RU\NLR\AUTH\7711401</subfield>
    <subfield code="9">121148</subfield>
  </datafield>
  <datafield tag="702" ind1=" " ind2="1">
    <subfield code="4">570</subfield>
    <subfield code="8">rus</subfield>
    <subfield code="7">ca</subfield>
    <subfield code="a">&#x414;&#x435;&#x440;&#x436;&#x430;&#x432;&#x438;&#x43D;</subfield>
    <subfield code="b">&#x413;. &#x420;.</subfield>
    <subfield code="f">1743-1816</subfield>
    <subfield code="g">&#x413;&#x430;&#x432;&#x440;&#x438;&#x43B;&#x430; &#x420;&#x43E;&#x43C;&#x430;&#x43D;&#x43E;&#x432;&#x438;&#x447;</subfield>
    <subfield code="3">RU\NLR\AUTH\773473</subfield>
    <subfield code="9">113469</subfield>
  </datafield>
  <datafield tag="702" ind1=" " ind2="1">
    <subfield code="4">570</subfield>
    <subfield code="8">rus</subfield>
    <subfield code="7">ca</subfield>
    <subfield code="a">&#x411;&#x43E;&#x433;&#x434;&#x430;&#x43D;&#x43E;&#x432;&#x438;&#x447;</subfield>
    <subfield code="b">&#x418;. &#x424;.</subfield>
    <subfield code="f">1743-1803</subfield>
    <subfield code="g">&#x418;&#x43F;&#x43F;&#x43E;&#x43B;&#x438;&#x442; &#x424;&#x435;&#x434;&#x43E;&#x440;&#x43E;&#x432;&#x438;&#x447;</subfield>
    <subfield code="3">RU\NLR\AUTH\7778862</subfield>
    <subfield code="9">61790</subfield>
  </datafield>
  <datafield tag="702" ind1=" " ind2="1">
    <subfield code="4">570</subfield>
    <subfield code="8">rus</subfield>
    <subfield code="7">ca</subfield>
    <subfield code="a">&#x41A;&#x430;&#x43F;&#x43D;&#x438;&#x441;&#x442;</subfield>
    <subfield code="b">&#x412;. &#x412;.</subfield>
    <subfield code="f">1757-1823</subfield>
    <subfield code="g">&#x412;&#x430;&#x441;&#x438;&#x43B;&#x438;&#x439; &#x412;&#x430;&#x441;&#x438;&#x43B;&#x44C;&#x435;&#x432;&#x438;&#x447;</subfield>
    <subfield code="3">RU\NLR\AUTH\7723173</subfield>
    <subfield code="9">6227</subfield>
  </datafield>
  <datafield tag="702" ind1=" " ind2="1">
    <subfield code="4">570</subfield>
    <subfield code="8">rus</subfield>
    <subfield code="7">ca</subfield>
    <subfield code="a">&#x425;&#x435;&#x440;&#x430;&#x441;&#x43A;&#x43E;&#x432;</subfield>
    <subfield code="b">&#x41C;. &#x41C;.</subfield>
    <subfield code="f">1733-1807</subfield>
    <subfield code="g">&#x41C;&#x438;&#x445;&#x430;&#x438;&#x43B; &#x41C;&#x430;&#x442;&#x432;&#x435;&#x435;&#x432;&#x438;&#x447;</subfield>
    <subfield code="3">RU\NLR\AUTH\7779135</subfield>
    <subfield code="9">62063</subfield>
  </datafield>
  <datafield tag="702" ind1=" " ind2="1">
    <subfield code="4">570</subfield>
    <subfield code="8">rus</subfield>
    <subfield code="7">ca</subfield>
    <subfield code="a">&#x425;&#x435;&#x43C;&#x43D;&#x438;&#x446;&#x435;&#x440;</subfield>
    <subfield code="b">&#x418;. &#x418;.</subfield>
    <subfield code="f">1745-1784</subfield>
    <subfield code="g">&#x418;&#x432;&#x430;&#x43D; &#x418;&#x432;&#x430;&#x43D;&#x43E;&#x432;&#x438;&#x447;</subfield>
    <subfield code="3">RU\NLR\AUTH\7778850</subfield>
    <subfield code="9">61778</subfield>
  </datafield>
  <datafield tag="801" ind1=" " ind2="2">
    <subfield code="a">RU</subfield>
    <subfield code="b">NLR</subfield>
    <subfield code="c">20090727</subfield>
    <subfield code="2">rusmarc</subfield>
  </datafield>
  <datafield tag="801" ind1=" " ind2="0">
    <subfield code="a">RU</subfield>
    <subfield code="b">NLR</subfield>
    <subfield code="c">20080221</subfield>
    <subfield code="g">psbo</subfield>
  </datafield>
  <datafield tag="801" ind1=" " ind2="0">
    <subfield code="a">RU</subfield>
    <subfield code="b">RuMoRGB</subfield>
    <subfield code="c">20080221</subfield>
    <subfield code="2">psbo</subfield>
  </datafield>
  <datafield tag="801" ind1=" " ind2="1">
    <subfield code="a">RU</subfield>
    <subfield code="b">ProSoft-M</subfield>
    <subfield code="c">20080221</subfield>
    <subfield code="2">rusmarc</subfield>
  </datafield>
  <datafield tag="852" ind1=" " ind2=" ">
    <subfield code="a">NLR</subfield>
    <subfield code="j">37.31.7.24</subfield>
  </datafield>
  <datafield tag="942" ind1=" " ind2=" ">
    <subfield code="c">BOOK</subfield>
  </datafield>
  <datafield tag="980" ind1=" " ind2=" ">
    <subfield code="a">NB</subfield>
  </datafield>
  <datafield tag="995" ind1=" " ind2=" ">
    <subfield code="5">2013-10-26</subfield>
    <subfield code="b">NLR02</subfield>
    <subfield code="c">NLR02</subfield>
    <subfield code="e">RFS</subfield>
    <subfield code="f">5262526-10</subfield>
    <subfield code="k">37.31.7.24</subfield>
    <subfield code="o">0</subfield>
    <subfield code="r">BOOK</subfield>
    <subfield code="s">3731724_</subfield>
  </datafield>
</record>
